Quizzes
Events
Quiz Creation
Community
Videos
Private Events
Remove Ads
Sign In
Join for FREE
Feedback
Dark Mode
Quiz Categories
Sports
Geography
Music
Movies
Television
Just For Fun
Miscellaneous
History
Literature
Language
Science
Gaming
Entertainment
Religion
Holiday
For Kids
Quiz Lab
Recent
Popular Today
Quiz Kudos Today
Editor Picks
Curator Picks
Quizzes by...
Day
Popularity
Type
Ratings
Length
Year
Community
Subscriptions
Recent Discussions
Orange Saloon
Badges
Playlists
Quests
Create
Leaderboards
Showdown
Live 5
Trivia Bingo
Activity
Puzzle Library
Sporcle Events
Private Events
Virtual Trivia
Globe League
Become a Host
Pub Owners
SporcleCon
Opinionation
Our Games
Videos
Blog
Mobile Apps
Partnerships
Remove Ads and Go Orange
Feedback
Literature
Harry Potter
A Song of Ice and Fire
The Hunger Games
Literary Character
Shakespeare
Book
Author
Novel
Poem
Young Adult
Children's Books
Play
Lord of the Rings
Literature
Harry Potter
A Song of Ice and Fire
The Hunger Games
Literary Character
Shakespeare
Book
Author
Novel
Poem
Young Adult
Children's Books
Play
Lord of the Rings
Random Quiz
Search Sporcle
×
Editor Pick
Editor Pick
Literature
Novel
Type in answers that appear in a list
Type in answers that appear in a list
Classic
Best Score? Go Orange.
David Baldacci Novels Stats
Can you name the David Baldacci novels?
By
QueenNoreen
6m
27 Questions
163 Plays
163 Plays
163 Plays
Comments
Comments
Give Quiz Kudos
Give Quiz Kudos
-
- Ratings
hide this ad
Replay
Link that replays current quiz
Next Quiz
Link to next quiz in quiz playlist
You Got
0%
They Got
Avg Score
45%
Avg Friend Score
Upgrade to see
Score Distribution
Jump to the score distribution portion of the page
Score
0/27
Timer
06:00
0
Plays Today
Year
Title
% Correct
2005
The Camel Club
85.9%
1996
Absolute Power
65%
2006
The Collectors
63.8%
2009
First Family
62.6%
2007
Stone Cold
62%
1998
The Winner
61.3%
2013
The Hit
60.8%
2004
Hour Game
58.9%
2009
True Blue
56.4%
2007
Simple Genius
55.8%
2003
Split Second
54.6%
2001
Last Man Standing
53.4%
2008
Divine Justice
52.1%
2012
The Innocent
51.4%
Year
Title
% Correct
2013
King and Maxwell
50%
2000
Wish You Well
49.7%
1999
Saving Faith
49.1%
1997
Total Control
46.6%
2008
The Whole Truth
46%
2010
Deliver Us From Evil
45.4%
2002
The Christmas Train
45.4%
2012
The Forgotten
41.9%
1998
The Simple Truth
39.3%
2011
Zero Day
39.2%
2011
The Sixth Man
36.5%
2011
One Summer
32.4%
2010
Hell's Corner
22.7%
Quiz Playlist
Details
Report
Send in Message
Add To Playlist
Classic:
Type in answers that appear in a list
Quiz Source
Last Updated: Feb 16, 2017
Editor Pick in
Literature
Quiz Scoreboard
CHALLENGE
Sign Up to Join the Scoreboard
Show All
Scores
Hide
Comments
May contain spoilers
Recently Published
TV Characters by Other Roles V
by ghcgh
Television
5m
Decade Duel: World Leaders
by jenniferyan
History
4m
Alphabetical 'K' Countries by Flag Minefield
by ylime102
Geography
3m
More to Explore
Quiz From the Vault
Featured Blog Post
15 Basketball Trivia Facts You Can Be March Mad About
hide this ad
You Might Also Like...
Tags
Author Quiz
Novel Quiz
David
David Baldacci
publication
Today's Top Quizzes in Literature
Browse Literature
hide this ad
Today's Top Quizzes in Novel
Browse Novel
Top Contributed Quizzes in Literature
1
Criteria Quiz: Harry Potter Gryffindors
2
Criteria Quiz: Harry Potter Deaths
3
Season Plays
4
Harry Potter Progressively Harder
5
Pick 3: Harry Potter Hogwarts Quidditch Players
6
Harry Potter Alphabet Blitz A
7
Harry Potter Characters: Logic Puzzle
8
Spring Reading List
9
Word Ladder: King's 'The Stand'
10
Harry Potter logic puzzle: Triwizard Tournament
Explore More
Trending Topics
Marvel
Crossword
Harry Potter
NBA
Anime
Kpop
Disney
Pokémon
WWE
Country
The Office
Soccer
Song
NFL
Puzzle
hide this ad
More By:
QueenNoreen
Quiz
Plays
Rating
Category
Featured
Created
Countries with the letter 'S'
1,971
4.67
Geography
Feb 11, 2010
US States with the letter 'U'
1,083
3.29
Geography
Oct 31, 2010
aBC and XYz States
596
3.63
Geography
Feb 23, 2010
Non-repeating letters US states
371
2.92
Geography
Apr 8, 2010
Double-letter countries
366
4.29
Geography
Feb 27, 2010
Go to Creator's Profile
Score Distribution
Quiz Creator Spotlight
QueenNoreen
Follow
Send a Message
Quizzes Created
-
Created Quiz Play Count
-
More By This Creator
Popular Quizzes Today
1
Countries of Asia Without Outlines Minefield
2
Find the US States - No Outlines Minefield
3
Pick 6: Fruits
4
The Countries of the World
5
Find the Countries of Europe - No Outlines Minefield
6
Alphabetical 'K' Countries by Flag Minefield
7
US States
8
Find the US States
More Literature Quizzes
First Book in Fantasy Series by Images
Editor's Pick
Trending Quizzes
Pick 6: Mountains
Pick 6: Harry Potter
Pick 6: Flags
Pick 6: NFL Teams
C Names for Actors
Recently Updated
Adaptations: Name the Title
pecheneg
NWSL Teams
pecheneg
Women's Final Four Teams by Year
bhenderson79
Presidents Quartet II
eogle
Anything But Clue(do)
eogle
Anything But Oceanian Capitals
eogle
Anything But 7
eogle
Anything But Thing
eogle
Word Ladder: February 29
pecheneg
Song Title Questions
pecheneg
Trending Topics
Kpop
Disney
NBA
Anime
Harry Potter
Marvel
Crossword
Puzzle
WWE
Song
Pokémon
NFL
The Office
Soccer
Country
Your Account Isn't Verified!
In order to create a playlist on Sporcle, you need to verify the email address you used during registration. Go to your
Sporcle Settings
to finish the process.
Report this User
Report this user for behavior that violates our
Community Guidelines
.
Details:
Send Report
Go to the Sporcle.com Mobile Site →
Comments